Szczegóły MARC21

Słownik obrazkowy niemiecko-polski /

005 -DATA I CZAS OSTATNIEJ MODYFIKACJI [,]
    • @
    • pole kontrolne
    • 20090210131040.0
020 -Międzynarod. znormalizowany nr książki - ISBN [ , ]
    • a
    • Numer ISBN
    • 832141110X Find
040 -Instytucja sporządzająca opis [ , ]
    • a
    • Instytucja, która sporządziła opis (NP)
    • SZCZ U/DL
    • c
    • Instytucja, która sporządziła rekord (NP)
    • SZCZ U/DL
    • d
    • Instytucja, która zmodyfikowała rekord (P)
    • SZCZ U/AP
041 -Język dokumentu [0, ]
    • a
    • Język tekstu (P)
    • polski
    • a
    • Język tekstu (P)
    • niemiecki
    • h
    • Język tekstu oryginalnego i/lub pośredniego (P)
    • niemiecki
044 -Kraj miejsca wydania [ , ]
    • a
    • Kraj miejsca wydania
    • Polska
942 -Rodzaj dokumentu [ , ]
    • c
    • Rodzaj dokumentu
    • Książka
245 -Strefa tytułu i oznaczenia odpowiedzialności [0,0]
    • a
    • Tytuł
    • Słownik obrazkowy niemiecko-polski / Find
    • c
    • Pozostałe elementy strefy tytułu i oznaczenia odpowiedzialności (NP)
    • [tekst niem. koordynacja Werner Scholze-Stubenrecht ; tekst pol. koordynacja Teresa Korsak ; tł. Tadeusz J. Korsak i in.].
246 -Wariant tytułu [1, ]
    • a
    • Tytuł (NP)
    • Duden Bildwörterbuch der deutschen Sprache
    • i
    • Tekst wyświetlany na ekranie monitora (NP)
    • Tyt. oryg.:
246 -Wariant tytułu [3,0]
    • a
    • Tytuł (NP)
    • Duden - słownik obrazkowy niemiecko-polski
246 -Wariant tytułu [1,3]
    • a
    • Tytuł (NP)
    • Duden Bildwörterbuch Deutsch und Polnisch
250 -Strefa wydania [ , ]
    • a
    • Oznaczenie wydania (NP)
    • Wyd. 3.
260 -Strefa adresu wydawniczego [ , ]
    • a
    • Miejsce wydania (P)
    • Warszawa :
    • b
    • Nazwa wydawcy (P)
    • Wiedza Powszechna,
    • c
    • Data wydania (P)
    • 2005.
300 -Strefa opisu fizycznego [ , ]
    • a
    • Określenie formy książki i/lub objętość (NP)
    • 384, 96, 117 s. :
    • b
    • Oznaczenie ilustracji (NP)
    • il. ;
    • c
    • Format (NP)
    • 23 cm.
504 -Uwaga dot. bibliogr. załącznikowej [ , ]
    • a
    • Uwaga dot. bibliografii załącznikowej
    • Ind.
080 -Uniwersalna Klasyfikacja Dziesiętna [ , ]
    • 2
    • Identyfikator wydania tablic
    • UDC-P058
    • a
    • Symbol klasyfikacji
    • 811.112.2::811.162.1]’374
    • b
    • Dopowiedzenie
    • Słownik niemiecko-polski.
    • x
    • Poddział wspólny
    • -028.22
    • b
    • Dopowiedzenie
    • -Wizualny. Graficzny, obrazkowy.
980 -Symbol UKD [ , ]
    • a
    • UKD
    • 811.112.2::811.162.1]’374-028.22
700 -Hasło dodatkowe - nazwa osobowa [1, ]
    • a
    • Nazwa osobowa (NP)
    • Scholze-Stubenrecht, Werner. Find
    • e
    • Określenie rodzaju współpracy
    • Oprac.
    • 9
    • KHW
    • 80728
700 -Hasło dodatkowe - nazwa osobowa [1, ]
    • a
    • Nazwa osobowa (NP)
    • Korsak, Teresa. . Find
    • e
    • Określenie rodzaju współpracy
    • Oprac
700 -Hasło dodatkowe - nazwa osobowa [1, ]
    • a
    • Nazwa osobowa (NP)
    • Korsak, Tadeusz J. Find
    • e
    • Określenie rodzaju współpracy
    • Tł.
    • 9
    • KHW
    • 80727
920 -ISBN [ , ]
    • a
    • ISBN
    • 83-214-1110-X Find
Numer inwentarzowy Data inwentaryzacji Status udost. Lokalizacja Sygnatura
G.186412008-11-191BMGERM. Słowniki dwujęzyczne 23